Priame dane v účtovníctve podnikateľov bakalárska práca
Enregistré dans:
| Auteur principal: | |
|---|---|
| Collectivité auteur: | |
| Autres auteurs: | , |
| Format: | Livre |
| Langue: | slovaque |
| Publié: |
Bratislava
2012
|
| Tags: |
Pas de tags, Soyez le premier à ajouter un tag!
|
MARC
| LEADER | 00000nbm a2200000 4500 | ||
|---|---|---|---|
| 001 | 0156377 | ||
| 005 | 20161109111957.0 | ||
| 041 | 0 | |a slo | |
| 044 | |a SK | ||
| 245 | 1 | 0 | |a Priame dane v účtovníctve podnikateľov |b bakalárska práca |c Mária Balážová ; školiteľ: Andrej Babej, Marek Szász |
| 264 | 1 | |a Bratislava |c 2012 | |
| 300 | |a 45 s. | ||
| 100 | 1 | |a Balážová, Mária | |
| 700 | 1 | |a Babej, Andrej | |
| 700 | 1 | |a Szász, Marek | |
| 710 | 2 | |a Fakulta hospodárskej informatiky EU. Katedra účtovníctva a audítorstva | |